Gaming Quiz

Random Gaming or Video Games Quiz
Score 0/106 Timer 15:00
0 Plays Today
Dex # Pokemon % Correct
#724Rowlet
100%
#725Dartrix
100%
#726Decidueye
100%
#727Litten
100%
#728Torracat
100%
#729Incineroar
100%
#720Popplio
100%
#731Brionne
100%
#732Primarina
100%
#733Pikipek
91.7%
#735Toucannon
91.7%
#734Trumbeak
91.7%
#736Yungoos
91.7%
#737Gumshoos
91.7%
#744Cutiefly
91.7%
#743Oricorio
91.7%
#745Ribombee
91.7%
#751Mudbray
91.7%
#752Mudsdale
91.7%
#802Necrozma
91.7%
Alolan Sandshrew
91.7%
Alolan Raichu
91.7%
Alolan Sandslash
91.7%
Alolan Vulpix
91.7%
Alolan Ninetales
91.7%
Alolan Diglett
91.7%
Alolan Dugtrio
91.7%
Alolan Geodude
91.7%
Alolan Graveler
91.7%
Alolan Golem
91.7%
Alolan Grimer
91.7%
Alolan Muk
91.7%
Alolan Exeggutor
91.7%
#738Grubbin
83.3%
#739Charjabug
83.3%
#730Vikavolt
83.3%
Dex # Pokemon % Correct
#746Rockruff
83.3%
#747Lycanroc
83.3%
#749Mareanie
83.3%
#748Wishiwashi
83.3%
#740Toxapex
83.3%
#753Dewpider
83.3%
#754Araquanid
83.3%
#755Fomantis
83.3%
#756Lurantis
83.3%
#759Salandit
83.3%
#750Salazzle
83.3%
#761Stufful
83.3%
#762Bewear
83.3%
#763Bounsweet
83.3%
#764Steenee
83.3%
#765Tsareena
83.3%
#767Oranguru
83.3%
#768Passimian
83.3%
#769Wimpod
83.3%
#760Golisopod
83.3%
#771Sandygast
83.3%
#772Palossand
83.3%
#773Pyukumuku
83.3%
#778Turtonator
83.3%
#770Mimikyu
83.3%
#781Bruxish
83.3%
#782Drampa
83.3%
#783Dhelmise
83.3%
#784Jangmo-o
83.3%
#785Hakamo-o
83.3%
#786Kommo-o
83.3%
#787Tapu Koko
83.3%
#788Tapu Lele
83.3%
#789Tapu Bulu
83.3%
#780Tapu Fini
83.3%
#791Cosmog
83.3%
Dex # Pokemon % Correct
#792Cosmoem
83.3%
#793Solgaleo
83.3%
#794Lunala
83.3%
#795Nihilego
83.3%
#796Buzzwole
83.3%
#797Pheromosa
83.3%
#798Xurkitree
83.3%
#799Celesteela
83.3%
#800Kartana
83.3%
#801Guzzlord
83.3%
#803Magearna
83.3%
#805Poipole
83.3%
#806Naganadel
83.3%
#808Blacephalon
83.3%
#807Stakataka
83.3%
Alolan Rattata
83.3%
Alolan Raticate
83.3%
Alolan Meowth
83.3%
Alolan Persian
83.3%
#742Crabominable
75%
#741Crabrawler
75%
#757Morelull
75%
#758Shiinotic
75%
#766Comfey
75%
#776Minior
75%
#777Komala
75%
#779Togedemaru
75%
#804Marshadow
75%
#809Zeraora
75%
Alolan Marowak
75%
#811Melmetal
75%
#810Meltan
75%
#774Type: Null
66.7%
#775Silvally
66.7%

You're not logged in!

Compare scores with friends on all Sporcle quizzes.
OR
Log In

Sporcle TV

Today on Sporcle TV


Watch our educational content, quiz creation guides, and fun videos on Sporcle TV.

Show Comments

Extras

Top Quizzes Today


Score Distribution

Paid Content

Your Account Isn't Verified!

In order to create a playlist on Sporcle, you need to verify the email address you used during registration. Go to your Sporcle Settings to finish the process.

Report this User

Report this user for behavior that violates our Community Guidelines.

Details: